Анатомическое исследование о движении сердца и крови у животных (Запись № 5994629)

Подробности
000 -МАРКЕР
контрольное поле 02312nam0a22003731 4500
001 - ИДЕНТИФИКАТОР ЗАПИСИ
контрольное поле rc\2877037
005 - ИДЕНТИФИКАТОР ВЕРСИИ
контрольное поле 20260406105756.0
035 ## - ДРУГИЕ СИСТЕМНЫЕ НОМЕРА
Идентификатор записи (NLR Aleph) 007030090
100 ## - ДАННЫЕ ОБЩЕЙ ОБРАБОТКИ
Данные общей обработки 20110717d1927 |||y0rusy50 ca
101 1# - ЯЗЫК РЕСУРСА
Язык текста, звукозаписи и т.д. русский
102 ## - СТРАНА ПУБЛИКАЦИИ ИЛИ ПРОИЗВОДСТВА
Страна публикации Российская Федерация
105 ## - ПОЛЕ КОДИРОВАННЫХ ДАННЫХ: ТЕКСТОВЫЕ МАТЕРИАЛЫ, МОНОГРАФИЧЕСКИЕ
Кодированные данные о монографическом текстовом документе ach z |||||
200 1# - ЗАГЛАВИЕ И СВЕДЕНИЯ ОБ ОТВЕТСТВЕННОСТИ
Основное заглавие Анатомическое исследование о движении сердца и крови у животных
Первые сведения об ответственности Пер. и примеч. К.М. Быкова
Последующие сведения об ответственности С предисл. академика И.П. Павлова
210 ## - ПУБЛИКАЦИЯ, РАСПРОСТРАНЕНИЕ И ДР.
Место издания, распространения и т.д. Москва
-- Ленинград
Имя издателя, распространителя и т. д. Гос. изд-во
Дата издания, распространения и т.д. 1927
Место изготовления [Москва]
Имя изготовителя 1-я Образцовая тип.
215 ## - ФИЗИЧЕСКАЯ ХАРАКТЕРИСТИКА
Специфическое обозначение материала и объем X, 113 с., [2] вкл. л. портр. и ил., [2] с. объявл.
Другие сведения о физической характеристике факс., портр., ил.
Размеры 23х16 см
225 1# - СЕРИЯ
Основное заглавие серии Классики естествознания
Сведения об ответственности Под общ. ред. А.Д. Архангельского, В.Ф. Кагана, Н.К. Кольцова ...
Обозначение тома Кн. 16
300 ## - ОБЩИЕ ПРИМЕЧАНИЯ
Текст примечания Фронтиспис: факсимиле тит. листа издания: Lugduni Batavorum, Apud Johannem van Kerckhem. 1737
300 ## - ОБЩИЕ ПРИМЕЧАНИЯ
Текст примечания Дополнение: "О жизни и трудах Вильяма Гарвея"
320 ## - ПРИМЕЧАНИЯ О НАЛИЧИИ В ДОКУМЕНТЕ БИБЛИОГРАФИИ / УКАЗАТЕЛЯ
Текст примечания Библиогр.: указания использованной литературы в "Послесловии" (17 названий)
421 #0 - ПРИЛОЖЕНИЕ
Встроенное поле 2001#$aО жизни и трудах Вильяма Гарвея
-- 600#1$aГарвей$bВ.$gВильям$2PSBO
Заглавие О жизни и трудах Вильяма Гарвея
700 #1 - ИМЯ ЛИЦА - ПЕРВИЧНАЯ ОТВЕТСТВЕННОСТЬ
Начальный элемент ввода Гарвей
Часть имени, кроме начального элемента ввода У.
Даты 1578-1657
Расширение инициалов личного имени Уильям
702 #1 - ИМЯ ЛИЦА - ВТОРИЧНАЯ ОТВЕТСТВЕННОСТЬ
Начальный элемент ввода Быков
Часть имени, кроме начального элемента ввода К.М.
Код отношения Переводчик
702 #1 - ИМЯ ЛИЦА - ВТОРИЧНАЯ ОТВЕТСТВЕННОСТЬ
Код отношения Автор введения, предисловия, примечания и т.п.
Материалы, к которым относится поле rus
Графика поля Кириллица
Начальный элемент ввода Павлов
Часть имени, кроме начального элемента ввода И. П.
Дополнения к именам, кроме дат физиолог
Даты 1849-1936
Расширение инициалов личного имени Иван Петрович
Идентификатор авторитетной/нормативной записи RU\NLR\AUTH\7764869
Системный номер авторитетной/нормативной записи 47798
702 #1 - ИМЯ ЛИЦА - ВТОРИЧНАЯ ОТВЕТСТВЕННОСТЬ
Начальный элемент ввода Архангельский
Часть имени, кроме начального элемента ввода А.Д.
Код отношения Редактор
702 #1 - ИМЯ ЛИЦА - ВТОРИЧНАЯ ОТВЕТСТВЕННОСТЬ
Код отношения Редактор
Материалы, к которым относится поле rus
Графика поля Кириллица
Начальный элемент ввода Каган
Часть имени, кроме начального элемента ввода В. Ф.
Дополнения к именам, кроме дат математик
Даты 1869-1953
Расширение инициалов личного имени Вениамин Федорович
Идентификатор авторитетной/нормативной записи RU\NLR\AUTH\77103153
Системный номер авторитетной/нормативной записи 86079
702 #1 - ИМЯ ЛИЦА - ВТОРИЧНАЯ ОТВЕТСТВЕННОСТЬ
Код отношения Редактор
Графика поля Кириллица
Материалы, к которым относится поле rus
Начальный элемент ввода Кольцов
Часть имени, кроме начального элемента ввода Н. К.
Даты 1872-1940
Расширение инициалов личного имени Николай Константинович
Системный номер авторитетной/нормативной записи 266954
Идентификатор авторитетной/нормативной записи RU\NLR\AUTH\770267010
801 #0 - ИСТОЧНИК ЗАПИСИ
Страна Российская Федерация
Организация NLR
Правила каталогизации psbo
801 #1 - ИСТОЧНИК ЗАПИСИ
Страна Российская Федерация
Организация ELAR
Источник данных rusmarc
852 ## - МЕСТОНАХОЖДЕНИЕ И ШИФР ХРАНЕНИЯ
Идентификатор организации NLR
Шифр хранения (Call Number) 38.3.8.17(16)
852 ## - МЕСТОНАХОЖДЕНИЕ И ШИФР ХРАНЕНИЯ
Идентификатор организации NLR
Шифр хранения (Call Number) 130/2224(16)
942 ## - ДОПОЛНИТЕЛЬНЫЕ ЭЛЕМЕНТЫ ЗАПИСИ (АБИС)
Тип экземпляра АБИС Книга
980 ## - КОЛЛЕКЦИЯ
Название коллекции Национальная библиография
Экземпляры
Тип экземпляра Дата поступления Библиотека постоянного хранения Библиотека текущего хранения Место хранения Шифр хранения Штрих-код Статус экземпляра
Книга 26.10.2013 РНБ (Садовая) РНБ (Садовая) Русский книжный фонд -Главное здание, Ленинский читальный зал 38.3.8.17(16) 7030090-10  
Книга 26.10.2013 РНБ (Садовая) РНБ (Садовая) Русский книжный фонд -Главное здание, Ленинский читальный зал 130/2224(16) 7030090-20